1918 1426 1016 1949 1441 1513 1436 1160 1194 1779 1506 1897 1489 1539 1188 1123 1539 1533 1455 1312 1392 1312 1235 1692 1836 1552 1095 1975 1738 1270 1878 1030 1943 1972 1045 1294 1110 1264 1080 1774 1427 1256 1775 1107 1744 1438 1771 1038 1032 1111 1294 1514 1012 1750 1735 1007 1850 1684 1495 1137 1167 1861 1044 1652 1909 1154 1168 1608 1447 1274 1881 1342 1546 1354 1817 1280 1066 1922 1040 1186 1337 1152 1009 1687 1117 1638 1242 1727 1006 1830 1572 1806 1251 1748 1302 1241 1276 1144 1153 BCNSPRNW ULIB Ver.6.0+V

เปลี่ยนเป็นภาษาไทย

Change to English
 แสดงรายละเอียดบรรณานุกรม
  กลับหน้าหลัก

Brief Record : Get Marc (ISO 2709) : E-mail record : QR code < ปิดหน้าต่าง
LEADER : 00000nam 2200000uu 4500
001    13399111729
003     ULIB
008    110707s2549||||th 000 0 tha d
020    9749458052
020    9789749458051
050  4 DS586^bธ395ร 2549
100 0  ธวัชชัย พืชผล
245 10 รักในหลวงต้องทำ...เพื่อในหลวง /^cโดย ธวัชชัย พืชผล
260    กรุงเทพฯ :^bRed & Share,^c2549
300    231 หน้า :^bภาพประกอบ ;^c22 ซม.
600 07 ภูมิพลอดุลยเดช,^cพระบาทสมเด็จพระปรมินทรมหา,^d2470-
600 07 ภูมิพลอดุลยเดช,^cพระบาทสมเด็จพระปรมินทรมหา,^d2470-^xพระราชกรณียกิจ
945    ^p199^l0^i019648
995    ทศพร
999 ^a ใช้งานได้ทุกระบบ
รายการนี้ยังไม่มีแท็ก
คุณยังไม่ได้ล็อกอิน คุณสามารถมีกิจกรรมร่วมกับเว็บไซต์ได้ แต่ต้องล็อกอินก่อน ::
  ล็อกอิน

รายการสื่อสารสนเทศ

ลำดับที่ ประเภท เลขเรียก/บาร์โค้ด สถานที่ สถานะ
- ไม่พบข้อมูล -

BibComment


ยังไม่เคยถูกคอมเมนท์

คอมเมนท์ทรัพยากรรายการนี้
  คอมเมนท์: รักในหลวงต้องทำเพ..


 Copyright 2026. Bcnsprnw @Library